000 00193nam a22000857a 4500
008 161020b xxu||||| |||| 00| 0 eng d
100 _9907
_aBista
245 _aHindi Story
260 _aNew Delhi
_c2001
999 _c3561
_d3561